[Event "Mumbai Mayors Cup 10th"]
[Site "Mumbai"]
[Date "2017.06.07"]
[Round "6"]
[White "Sangma, Rahul"]
[Black "Pranav, Shetty"]
[Result "1/2-1/2"]
[WhiteElo "2337"]
[BlackElo "2200"]
[PlyCount "56"]
[EventDate "2017.06.04"]
[EventType "swiss"]
[EventRounds "10"]
[EventCountry "IND"]
[SourceTitle "CBM 178 Extra"]
[Source "ChessBase"]
[SourceDate "2017.06.22"]
[SourceVersion "1"]
[SourceVersionDate "2017.06.22"]
[SourceQuality "1"]

1. e4 c5 2. Nf3 d6 3. d4 cxd4 4. Nxd4 Nf6 5. f3 e5 6. Bb5+ Nbd7 7. Nf5 d5 8. exd5 a6 9. Ba4 b5 10. Bb3 Nc5 11. Ne3 Nxb3 12. axb3 Bc5 13. c4 Nh5 14. g3 0-0 15. Nc3 f5 16. Ng2 b4 17. Na4 Bd4 18. f4 Qe8 19. Qe2 exf4 20. Nxf4 Nxf4 21. Bxf4 g5 22. Bd6 f4 23. Bxf8 Bg4 24. Qxe8 Rxe8+ 25. Kd2 Be3+ 26. Kd3 Bf5+ 27. Ke2 Bg4+ 28. Kd3 Bf5+ 1/2-1/2

[Event "New Delhi Parsvnath op 15th"]
[Site "New Delhi"]
[Date "2017.01.16"]
[Round "10"]
[White "Tokhirjonova, Gulruhbegim"]
[Black "Pranav, Shetty"]
[Result "1-0"]
[WhiteElo "2284"]
[BlackElo "2199"]
[PlyCount "92"]
[EventDate "2017.01.09"]
[EventType "swiss"]
[EventRounds "10"]
[EventCountry "IND"]
[SourceTitle "CBM 176 Extra"]
[Source "ChessBase"]
[SourceDate "2017.03.02"]
[SourceVersion "1"]
[SourceVersionDate "2017.03.02"]
[SourceQuality "1"]

1. e4 c5 2. Nf3 d6 3. d4 cxd4 4. Qxd4 Nc6 5. Bb5 Qd7 6. Qd3 a6 7. Bc4 Ne5 8. Nxe5 dxe5 9. Qc3 Qd4 10. 0-0 Qxc3 11. Nxc3 e6 12. a4 Ne7 13. Be3 Nc6 14. Rfd1 Be7 15. Bb6 Bd7 16. Ne2 Bd8 17. Be3 Bc7 18. c3 Rd8 19. b4 Bc8 20. Re1 Ke7 21. Nc1 h6 22. Nb3 f5 23. f3 f4 24. Bc5+ Kf6 25. Be2 g5 26. Reb1 Rd7 27. Bf2 Rg7 28. h3 h5 29. Kf1 Re8 30. Ke1 Reg8 31. Kd2 Rd8+ 32. Kc2 Rdg8 33. Nd2 h4 34. b5 Na5 35. c4 Rd8 36. c5 Rgd7 37. Nf1 Rd4 38. Bxd4 exd4 39. Bd3 e5 40. Nd2 Ke7 41. Nc4 Nxc4 42. Bxc4 Rf8 43. Bd5 Rf6 44. Kd3 Kd8 45. Rc1 Ba5 46. Rab1 Bc7 1-0

[Event "New Delhi Parsvnath op 15th"]
[Site "New Delhi"]
[Date "2017.01.12"]
[Round "6"]
[White "Srijit, Paul"]
[Black "Pranav, Shetty"]
[Result "1-0"]
[WhiteElo "2347"]
[BlackElo "2199"]
[PlyCount "73"]
[EventDate "2017.01.09"]
[EventType "swiss"]
[EventRounds "10"]
[EventCountry "IND"]
[SourceTitle "CBM 176 Extra"]
[Source "ChessBase"]
[SourceDate "2017.03.02"]
[SourceVersion "1"]
[SourceVersionDate "2017.03.02"]
[SourceQuality "1"]

1. e4 c5 2. Nf3 d6 3. d4 cxd4 4. Nxd4 Nf6 5. Nc3 a6 6. Be3 e5 7. Nb3 Be6 8. Qd2 Nbd7 9. f3 h5 10. 0-0-0 b5 11. h3 Qc7 12. Kb1 Be7 13. f4 Nb6 14. Bd3 b4 15. Qf2 Rb8 16. Ne2 Nc4 17. f5 Bc8 18. Nd2 Nxe3 19. Qxe3 d5 20. exd5 Nxd5 21. Qg3 h4 22. Qg4 Kf8 23. Qc4 Qxc4 24. Nxc4 f6 25. Be4 Nb6 26. Nxb6 Rxb6 27. Ng1 Rh5 28. Nf3 Bxf5 29. Bxf5 Rxf5 30. Nxh4 Rf2 31. g4 Kf7 32. Rd7 Rd6 33. Rc7 g6 34. Nxg6 Kxg6 35. Rxe7 Rh2 36. Rg1 Rxh3 37. b3 1-0

[Event "IND-chT 35th"]
[Site "Goa"]
[Date "2015.02.23"]
[Round "5"]
[White "Pranav, Shetty"]
[Black "Bakre, Tejas"]
[Result "0-1"]
[WhiteElo "2211"]
[BlackElo "2456"]
[PlyCount "34"]
[EventDate "2015.02.20"]
[EventType "team-swiss"]
[EventRounds "9"]
[EventCountry "IND"]
[SourceTitle "CBM 165 Extra"]
[Source "ChessBase"]
[SourceDate "2015.04.21"]
[SourceVersion "1"]
[SourceVersionDate "2015.04.21"]
[SourceQuality "1"]
[WhiteTeam "Maharashtra CA"]
[BlackTeam "Air India"]
[WhiteTeamCountry "IND"]
[BlackTeamCountry "IND"]

1. e4 c5 2. Nc3 d6 3. Bb5+ Bd7 4. a4 Nf6 5. Nge2 g6 6. 0-0 Bg7 7. d3 0-0 8. h3 Nc6 9. Be3 a6 10. Bc4 Na5 11. Qd2 Bc6 12. Ba2 b5 13. axb5 axb5 14. e5 dxe5 15. Bxc5 Nb7 16. Bb4 Nd6 17. Ng3 h5 0-1

[Event "New Delhi Parsvnath op 13th"]
[Site "New Delhi"]
[Date "2015.01.14"]
[Round "8"]
[White "Thing, Bibek"]
[Black "Pranav, Shetty"]
[Result "1/2-1/2"]
[WhiteElo "1979"]
[BlackElo "2217"]
[PlyCount "146"]
[EventDate "2015.01.09"]
[EventType "tourn"]
[EventRounds "10"]
[EventCountry "IND"]
[SourceTitle "CBM 164 Extra"]
[Source "ChessBase"]
[SourceDate "2015.03.02"]
[SourceVersion "1"]
[SourceVersionDate "2015.03.02"]
[SourceQuality "1"]

1. e4 c5 2. Nf3 d6 3. d4 cxd4 4. Nxd4 Nf6 5. Nc3 a6 6. h3 e5 7. Nde2 h5 8. Bg5 Be7 9. Qd2 Be6 10. 0-0-0 Nbd7 11. g3 b5 12. a3 Rb8 13. f3 a5 14. Bxf6 Nxf6 15. Nd5 Nxd5 16. exd5 Bd7 17. b3 b4 18. a4 Rc8 19. Kb1 Rc5 20. Nc1 0-0 21. g4 Bg5 22. Qg2 h4 23. Bd3 g6 24. Be4 Qc7 25. Nd3 Rc3 26. Nb2 Rc8 27. Bd3 Qd8 28. Qe2 R8c5 29. Bc4 e4 30. fxe4 Re3 31. Qg2 Qe7 32. Rhe1 Rg3 33. Qf1 Bf6 34. e5 dxe5 35. d6 Qd8 36. Rd3 e4 37. Rxe4 Bc6 38. Rxg3 Bxe4 39. Re3 Bd5 40. Qxf6 Qxf6 41. Re8+ Kg7 42. d7 Bxc4 43. bxc4 Rxc4 44. d8Q Qxd8 45. Rxd8 Rc3 46. Rd3 Rc5 47. Kc1 f5 48. gxf5 Rxf5 49. Re3 g5 50. Nd3 Kf6 51. Kd2 Rf1 52. Re1 Rf3 53. Re3 Rf1 54. Ne1 Rf2+ 55. Kd3 g4 56. hxg4 Kg5 57. Nf3+ Kxg4 58. Nxh4 Kxh4 59. Re5 Rf3+ 60. Kd2 b3 61. cxb3 Rxb3 62. Rxa5 Kg4 63. Kc2 Rf3 64. Rb5 Kf4 65. Kb2 Ke4 66. a5 Kd4 67. Rb8 Rf5 68. Rb4+ Kc5 69. Kb3 Rf3+ 70. Kb2 Rf6 71. a6 Rf8 72. a7 Ra8 73. Ka3 Rxa7+ 1/2-1/2

[Event "New Delhi Parsvnath op 13th"]
[Site "New Delhi"]
[Date "2015.01.13"]
[Round "7"]
[White "Pranav, Shetty"]
[Black "Bhambure, Shantanu"]
[Result "0-1"]
[WhiteElo "2217"]
[BlackElo "2087"]
[PlyCount "118"]
[EventDate "2015.01.09"]
[EventType "tourn"]
[EventRounds "10"]
[EventCountry "IND"]
[SourceTitle "CBM 164 Extra"]
[Source "ChessBase"]
[SourceDate "2015.03.02"]
[SourceVersion "1"]
[SourceVersionDate "2015.03.02"]
[SourceQuality "1"]

1. e4 c6 2. d4 d5 3. Nd2 dxe4 4. Nxe4 Bf5 5. Ng3 Bg6 6. h4 h6 7. Nf3 Nd7 8. h5 Bh7 9. Bd3 Bxd3 10. Qxd3 e6 11. Bd2 Qc7 12. 0-0-0 0-0-0 13. Ne4 Ngf6 14. g3 Nxe4 15. Qxe4 Bd6 16. c4 c5 17. Bc3 cxd4 18. Nxd4 a6 19. Kb1 Nf6 20. Qe2 Qc5 21. g4 Bf4 22. Nb3 Qc6 23. f3 Rhe8 24. Nd2 Bxd2 25. Bxd2 e5 26. Be3 e4 27. f4 Qe6 28. g5 Qg4 29. Qxg4+ Nxg4 30. Bb6 Rxd1+ 31. Rxd1 f5 32. gxf6 Nxf6 33. Kc2 Nxh5 34. Rd5 g6 35. f5 gxf5 36. Rxf5 Ng3 37. Rc5+ Kd7 38. Rc7+ Kd6 39. Rf7 e3 40. Bc7+ Ke6 41. Rf3 Nf5 42. Kd3 Re7 43. Bb6 Rd7+ 44. Ke2 Rd2+ 45. Ke1 Rxb2 46. Bxe3 Rxa2 47. Bf4 Rc2 48. Rb3 Rxc4 49. Rb6+ Kd5 50. Bb8 Re4+ 51. Kd2 Re7 52. Rf6 Ke4 53. Kc3 h5 54. Kb4 h4 55. Ka5 h3 56. Kb6 Rh7 57. Bh2 Rh6 58. Rxh6 Nxh6 59. Kxb7 a5 0-1

[Event "New Delhi Parsvnath op 13th"]
[Site "New Delhi"]
[Date "2015.01.12"]
[Round "5"]
[White "Pranav, Shetty"]
[Black "Neverov, Valeriy"]
[Result "0-1"]
[WhiteElo "2217"]
[BlackElo "2501"]
[PlyCount "78"]
[EventDate "2015.01.09"]
[EventType "tourn"]
[EventRounds "10"]
[EventCountry "IND"]
[SourceTitle "CBM 164 Extra"]
[Source "ChessBase"]
[SourceDate "2015.03.02"]
[SourceVersion "1"]
[SourceVersionDate "2015.03.02"]
[SourceQuality "1"]

1. e4 c5 2. Nf3 d6 3. d4 cxd4 4. Nxd4 Nf6 5. Nc3 a6 6. Be3 e5 7. Nb3 Be6 8. f3 h5 9. Qd2 Nbd7 10. Nd5 Bxd5 11. exd5 g6 12. c4 Bg7 13. Be2 0-0 14. 0-0 b6 15. Rac1 Kh7 16. Na1 Ng8 17. b4 a5 18. a3 axb4 19. axb4 Ne7 20. Bd3 Qc7 21. Nb3 Ra3 22. Bc2 f5 23. Qe2 Rc8 24. Nd2 b5 25. Bb3 Rxb3 26. Nxb3 bxc4 27. Na5 c3 28. Rfd1 Nf6 29. Qa2 f4 30. Bf2 e4 31. Bd4 Nexd5 32. fxe4 Nxb4 33. Qa4 c2 34. Qxb4 cxd1Q+ 35. Rxd1 Rb8 36. Qe1 Ng4 37. Bxg7 Kxg7 38. Rd3 Qc5+ 39. Kf1 Rb1 0-1

[Event "Wch U20 53rd"]
[Site "Pune"]
[Date "2014.10.15"]
[Round "9"]
[White "Pranav, Shetty"]
[Black "Westerberg, Jonathan"]
[Result "1/2-1/2"]
[WhiteElo "2191"]
[BlackElo "2420"]
[PlyCount "231"]
[EventDate "2014.10.06"]
[EventType "swiss"]
[EventRounds "13"]
[EventCountry "IND"]
[SourceTitle "EXT 2015"]
[Source "ChessBase"]
[SourceDate "2014.11.20"]
[SourceVersion "1"]
[SourceVersionDate "2014.11.20"]
[SourceQuality "1"]

1. e4 c5 2. Nf3 Nc6 3. d4 cxd4 4. Nxd4 Nf6 5. Nc3 e6 6. Ndb5 Bc5 7. Bf4 0-0 8. Bc7 Qe7 9. Bd6 Bxd6 10. Qxd6 Ne8 11. Qxe7 Nxe7 12. 0-0-0 f5 13. f3 fxe4 14. fxe4 Ng6 15. a4 Ne5 16. Be2 Rf2 17. Rhg1 Kf8 18. Nd4 Ke7 19. Nf3 d6 20. Rde1 Bd7 21. Nd1 Rxe2 22. Rxe2 Bxa4 23. Nxe5 dxe5 24. Nc3 Bc6 25. Rd1 b5 26. Nb1 b4 27. Nd2 Bb5 28. Re3 Rc8 29. Nf3 Rc5 30. b3 Nd6 31. Kb2 Bc6 32. Nd2 a5 33. Ra1 Be8 34. c3 Nb5 35. cxb4 axb4 36. Nc4 Nd4 37. Rc1 Bh5 38. Nd2 Rxc1 39. Kxc1 Ne2+ 40. Kb2 Nf4 41. Nc4 Kf6 42. g3 Ng2 43. Rd3 Bg6 44. Rf3+ Ke7 45. Nxe5 Bxe4 46. Rf7+ Kd6 47. Nc4+ Kc6 48. Kc1 Ne1 49. Kd2 Nd3 50. Ke3 Nc5 51. Rxg7 Bc2 52. Nd2 Kd6 53. Rg4 Nxb3 54. Nxb3 Bxb3 55. Rxb4 Bc2 56. Rb5 Ke7 57. Kf4 Kf6 58. Rc5 Bd3 59. g4 h6 60. Rh5 Kg6 61. Re5 Bc4 62. h4 Bb3 63. Re3 Bd5 64. Ke5 Kg7 65. h5 Ba2 66. Ra3 Bb1 67. Ra7+ Kh8 68. Kf6 e5 69. Re7 Kg8 70. Rb7 Bd3 71. Rd7 Bc2 72. Re7 Bd3 73. g5 hxg5 74. Kxg5 e4 75. Kh6 Kf8 76. Re5 Kf7 77. Kg5 Kg7 78. Re7+ Kg8 79. Kf6 e3 80. Rxe3 Bc4 81. Kg6 Bf7+ 82. Kh6 Kh8 83. Ra3 Bd5 84. Ra7 Bc4 85. Rh7+ Kg8 86. Rc7 Bd3 87. Rg7+ Kh8 88. Rc7 Kg8 89. Rd7 Bc2 90. Rd8+ Kf7 91. Rc8 Bd3 92. Rc3 Bb1 93. Rg3 Bc2 94. Rg7+ Kf8 95. Rg6 Kf7 96. Kh7 Bd3 97. Kh6 Bc2 98. Rc6 Bd3 99. Rc8 Be4 100. Kg5 Kg7 101. Rc7+ Kh8 102. Rd7 Bc2 103. Kf6 Bb1 104. Kg5 Bc2 105. Kh6 Kg8 106. Rg7+ Kf8 107. Rg1 Bd3 108. Rd1 Bc2 109. Rd2 Bb1 110. Rf2+ Kg8 111. Rf6 Bc2 112. Rc6 Bb1 113. Rg6+ Bxg6 114. hxg6 Kh8 115. g7+ Kg8 116. Kg6 1/2-1/2

[Event "Chennai op 3rd"]
[Site "Chennai"]
[Date "2011.01.26"]
[Round "11"]
[White "Pranav, Shetty"]
[Black "Stany, George Anthony"]
[Result "1-0"]
[WhiteElo "2163"]
[BlackElo "2395"]
[PlyCount "83"]
[EventDate "2011.01.18"]
[EventType "swiss"]
[EventRounds "11"]
[EventCountry "IND"]
[SourceTitle "CBM 140 Extra"]
[Source "ChessBase"]
[SourceDate "2011.03.01"]
[SourceVersion "1"]
[SourceVersionDate "2011.03.01"]
[SourceQuality "1"]

1. e4 c5 2. Nf3 Nc6 3. Nc3 Nf6 4. Bb5 Qc7 5. 0-0 Nd4 6. Re1 a6 7. e5 Nxb5 8. exf6 Nxc3 9. fxg7 Bxg7 10. dxc3 d6 11. Qd3 Bg4 12. h3 Bh5 13. Nh4 e6 14. Nf5 Bf8 15. Bg5 Rg8 16. h4 Bg6 17. Qf3 Qc6 18. Qf4 d5 19. Rad1 Bxf5 20. Qxf5 h6 21. Bf6 Rg6 22. h5 Kd7 23. Qf3 Rg8 24. c4 d4 25. Re4 Be7 26. Rde1 Bd6 27. c3 dxc3 28. Qxc3 Rae8 29. Qe3 Bf8 30. g3 Kc8 31. Qf4 b6 32. b3 Bd6 33. Qxh6 Bxg3 34. fxg3 Rxg3+ 35. Kh2 Reg8 36. Qf4 Rg2+ 37. Kh3 Qd7 38. Be5 R2g5 39. Qf3 f6 40. Rd1 Qf7 41. Rh4 Qa7 42. Qc6+ 1-0

[Event "Jalgaon op"]
[Site "Jalgaon"]
[Date "2010.11.25"]
[Round "4"]
[White "Bakshi, Rutuja"]
[Black "Pranav, Shetty"]
[Result "0-1"]
[WhiteElo "1761"]
[BlackElo "2155"]
[PlyCount "72"]
[EventDate "2010.11.23"]
[EventType "swiss"]
[EventRounds "11"]
[EventCountry "IND"]
[SourceTitle "CBM 139 Extra"]
[Source "ChessBase"]
[SourceDate "2011.01.05"]
[SourceVersion "1"]
[SourceVersionDate "2011.01.05"]
[SourceQuality "1"]

1. d4 Nf6 2. c4 g6 3. g3 Bg7 4. Bg2 0-0 5. Nf3 d6 6. 0-0 Nc6 7. Nc3 a6 8. b3 Rb8 9. a4 Nb4 10. Ba3 c5 11. Bxb4 cxb4 12. Na2 a5 13. Nc1 Ne4 14. Na2 e5 15. e3 b6 16. Nd2 Ng5 17. d5 h5 18. Rc1 Qe7 19. Qe2 e4 20. Rfe1 Bg4 21. Qf1 Qe5 22. Rc2 Qf5 23. Kh1 Rbe8 24. h4 Nf3 25. Bxf3 exf3 26. e4 Qd7 27. Kh2 f5 28. Rcc1 f4 29. Qd3 Be5 30. Rg1 Qe7 31. Kh1 fxg3 32. fxg3 Bxg3 33. Rxg3 Qxh4+ 34. Kg1 Qxg3+ 35. Kf1 Qg2+ 36. Ke1 f2# 0-1

[Event "IND-chB 48th"]
[Site "Bhiwani"]
[Date "2010.09.20"]
[Round "7"]
[White "Pranav, Shetty"]
[Black "Thakur, Akash"]
[Result "0-1"]
[WhiteElo "2182"]
[BlackElo "2356"]
[PlyCount "152"]
[EventDate "2010.09.16"]
[EventType "swiss"]
[EventRounds "13"]
[EventCountry "IND"]
[SourceTitle "CBM 138 Extra"]
[Source "ChessBase"]
[SourceDate "2010.10.29"]
[SourceVersion "1"]
[SourceVersionDate "2010.10.29"]
[SourceQuality "1"]

1. e4 e5 2. Nf3 Nc6 3. Bb5 a6 4. Ba4 Nf6 5. Qe2 Be7 6. 0-0 b5 7. Bb3 d6 8. a4 Bd7 9. c3 0-0 10. d4 h6 11. Rd1 Qb8 12. Nbd2 Re8 13. Nf1 Bf8 14. Ng3 Na5 15. Bc2 c5 16. h3 bxa4 17. dxe5 dxe5 18. Bxa4 Bxa4 19. Rxa4 Qb5 20. Ra2 Nb3 21. c4 Qc6 22. Ra3 Rab8 23. Qc2 Nd4 24. Nxd4 cxd4 25. Ra4 Bb4 26. b3 Nd7 27. Ba3 Bxa3 28. Rxa3 Nc5 29. Rb1 Red8 30. b4 d3 31. Qd1 d2 32. Rb2 Nxe4 33. Nxe4 Qxe4 34. Rxd2 Rxd2 35. Qxd2 Qxc4 36. Ra5 e4 37. Qa2 Qxa2 38. Rxa2 Rb6 39. Ra5 g5 40. Kf1 Kg7 41. Ke2 Kg6 42. Ke3 h5 43. f3 exf3 44. Kxf3 h4 45. g3 hxg3 46. Kxg3 f6 47. Kf3 Kf7 48. Kg3 Ke7 49. Kf3 Kd7 50. Kg3 Kc6 51. Rf5 Kb7 52. Kf3 Kc7 53. Kg3 Kd7 54. Ra5 Ke6 55. Kf3 Kf7 56. Kg3 Kg6 57. Kf3 f5 58. Kg3 Rxb4 59. Rxa6+ Kh5 60. Ra8 f4+ 61. Kg2 Rb2+ 62. Kf3 Rb3+ 63. Kg2 Kg6 64. Ra5 Rg3+ 65. Kh2 Re3 66. Kg2 Re2+ 67. Kg1 Kh5 68. Ra8 Kh4 69. Kf1 Re3 70. Rh8+ Kg3 71. Rh5 g4 72. hxg4 Ra3 73. Rf5 f3 74. Ke1 Ra1+ 75. Kd2 f2 76. Ke2 Re1+ 0-1

[Event "IND-chB 48th"]
[Site "Bhiwani"]
[Date "2010.09.18"]
[Round "4"]
[White "Venkatesh, Marani Rajendran"]
[Black "Pranav, Shetty"]
[Result "1-0"]
[WhiteElo "2410"]
[BlackElo "2182"]
[PlyCount "55"]
[EventDate "2010.09.16"]
[EventType "swiss"]
[EventRounds "13"]
[EventCountry "IND"]
[SourceTitle "CBM 138 Extra"]
[Source "ChessBase"]
[SourceDate "2010.10.29"]
[SourceVersion "1"]
[SourceVersionDate "2010.10.29"]
[SourceQuality "1"]

1. e4 c5 2. Nf3 d6 3. d4 cxd4 4. Nxd4 Nf6 5. Nc3 a6 6. Bg5 e6 7. f4 Nc6 8. Qd3 Qb6 9. Bxf6 gxf6 10. Nb3 Bd7 11. 0-0-0 0-0-0 12. Be2 h5 13. Kb1 Kb8 14. Qh3 Na5 15. Rhf1 Be7 16. f5 Nxb3 17. axb3 Qc5 18. Bxh5 Rh7 19. Qf3 Rdh8 20. Bg4 Rxh2 21. Bh3 Qe5 22. Nd5 exd5 23. Rxd5 R2xh3 24. gxh3 Rxh3 25. Qxh3 Qxe4 26. Rd3 Bb5 27. Re3 Bxf1 28. Qh8+ 1-0